Comparación de dos diseños curriculares de educación de adultos : Andalucia, España y Michoacán, México (Record no. 64438)
[ view plain ]
| 000 -CABECERA | |
|---|---|
| campo de control de longitud fija | 00674nam a2200205 a 4500 |
| 005 - FECHA Y HORA DE LA ÚLTIMA TRANSACCIÓN | |
| campo de control | 20210223123816.0 |
| 008 - ELEMENTOS DE LONGITUD FIJA--INFORMACIÓN GENERAL | |
| campo de control de longitud fija | 991125n 000 0 spa u |
| 035 ## - NÚMERO DE CONTROL DEL SISTEMA | |
| Número de control de sistema | UPN01000068239 |
| 100 1# - ASIENTO PRINCIPAL--NOMBRE PERSONAL | |
| Nombre de persona | Calderón López Velarde, Jaime Rogelio |
| 9 (RLIN) | 34742 |
| 222 ## - TÍTULO CLAVE | |
| Título clave | REVISTA INTERAMERICANA DE EDUCACION DE ADULTOS |
| 245 ## - MENCIÓN DE TÍTULO | |
| Título | Comparación de dos diseños curriculares de educación de adultos : Andalucia, España y Michoacán, México |
| 260 ## - PUBLICACIÓN, DISTRIBUCIÓN, ETC. | |
| Lugar de publicación, distribución, etc. | Michoacán, México |
| 300 ## - DESCRIPCIÓN FÍSICA | |
| Extensión | 85-115 |
| 362 0# - FECHAS DE PUBLICACIÓN Y/O DESIGNACIÓN SECUENCIAL | |
| Fecha de publicación y/o designación secuencial | 1995 Vol. 3, no. 2 |
| 653 0# - TERMINO DE INDIZACION - NO CONTROLADO | |
| Término no controlado | ANDALUCIA, ESPAÑA |
| 653 0# - TERMINO DE INDIZACION - NO CONTROLADO | |
| Término no controlado | EDUCACION COMPARADA |
| 653 0# - TERMINO DE INDIZACION - NO CONTROLADO | |
| Término no controlado | EDUCACION DE ADULTOS |
| 904 ## - ELEMENTOS DE DATOS D LOCAL, LDD (RLIN) | |
| a | AC |
| b | 006050 |
| 905 ## - TIPO DE MATERIAL | |
| Tipo de material | Articulo |
No items available.
